00426cam a22001334a 4500020001500000040000800015082002600023100001800049245007600067260006600143300004400209490001900253700002000272 a8887669120 cC3L14a722 BIB 2001 C156 Or.1 aAdam, Robert,10aRuins of the Palace of the emperor Diocletian at Spalatro in Dalmatia / aCannitello (Reggio Calabria) :bBiblioteca del Cenide,c2001. a264 p. (4 fold.) :bill. ;c25 x 30 cm.1 aLearning from.1 aNavarra, Marco.